Dan ~ REFORM ~ Songs (Alpha - Theta) - Statistics

General Stats
  • This quiz has been taken 7 times
  • The average score is 26 of 43
Answer Stats
Hint Answer % Correct
Luminal Mario Paint
100%
Epsilon Mario Paint
100%
Gamma We Luv Lama
100%
Delta Aquaris
86%
Beta Blue Planet
86%
Luminal Blue Planet
86%
Gamma Break
86%
Epsilon Forgotten
86%
Delta Future Dominators
86%
Alpha Makiba
86%
Gamma Reflec
86%
Epsilon Rose Quartz
86%
Beta Time to Say Goodbye
86%
Delta Volcanic
86%
Tachyon Angel Dust
71%
Zeta Sample Angel Dust
71%
Zeta Angel Dust
71%
Delta Crescent Moon Island
71%
Alpha Dark Sambaland
71%
Gamma Fastest Crash
71%
Beta Paradigm Shift
71%
Beta Amber Starlight
57%
Tachyon Cyber Inductance
57%
Luminal Gengaozo
57%
Epsilon Hitsugi to Futago
57%
Luminal Image Material
57%
Alpha Lazorbeamz
57%
Eta Exitium
43%
Zeta Sample Finixe
43%
Zeta Nijuu
43%
Zeta Sample Vertex Beta
43%
Zeta Sample Weird Autumn
43%
Theta Agoniya
29%
Tachyon Chambarising
29%
Eta Collapse of Ego
29%
Theta Grinding of the Teeth
29%
Eta Intersect Thunderbolt
29%
Alpha Odoru Mizushibuki
29%
Theta Rip me Apart
29%
Tachyon Shadows of Cats
29%
Theta The Fate of Remix
29%
Eta Torment Payback
29%
Zeta Apocalyptic Premonition
14%
No matching quizzes found
Score Distribution
Percent of People with Each Score
Percentile by Number Answered
Your Score History
You have not taken this quiz